Acoustics and sound insulation : (Record no. 12383)

000 -LEADER
fixed length control field 00865cam a22002657a 4500
003 - CONTROL NUMBER IDENTIFIER
control field OSt
005 - DATE AND TIME OF LATEST TRANSACTION
control field 20240117095156.0
008 - FIXED-LENGTH DATA ELEMENTS--GENERAL INFORMATION
fixed length control field 090713s2009 sz ae b 001 0 eng
020 ## - INTERNATIONAL STANDARD BOOK NUMBER
International Standard Book Number 9783764399535 (pbk.)
041 1# - LANGUAGE CODE
Language code of text/sound track or separate title eng
Language code of original and/or intermediate translations of text ger
042 ## - AUTHENTICATION CODE
Authentication code lccopycat
082 04 - DEWEY DECIMAL CLASSIFICATION NUMBER
Classification number 729.29
Edition number 22
Item number MOM
100 1# - MAIN ENTRY--PERSONAL NAME
Personal name Mommertz, Eckard.
240 10 - UNIFORM TITLE
Uniform title <a href="Akustik und Schallschutz.">Akustik und Schallschutz.</a>
Language of a work English
245 10 - TITLE STATEMENT
Title Acoustics and sound insulation :
Remainder of title principles, planning, examples /
Statement of responsibility, etc Eckard Mommertz.
250 ## - EDITION STATEMENT
Edition statement 1st ed.
260 ## - PUBLICATION, DISTRIBUTION, ETC. (IMPRINT)
Place of publication, distribution, etc Basel ;
-- Boston :
Name of publisher, distributor, etc Birkhäuser/Edition Detail,
Date of publication, distribution, etc [2009]
300 ## - PHYSICAL DESCRIPTION
Extent 112 p. :
Other physical details ill. (chiefly col.), plans (some col.) ;
Dimensions 30 cm.
490 1# - SERIES STATEMENT
Series statement Detail practice
504 ## - BIBLIOGRAPHY, ETC. NOTE
Bibliography, etc Includes bibliographical references and index.
650 #0 - SUBJECT ADDED ENTRY--TOPICAL TERM
Topical term or geographic name as entry element Architectural acoustics.
650 #0 - SUBJECT ADDED ENTRY--TOPICAL TERM
Topical term or geographic name as entry element Tall buildings
General subdivision Soundproofing.
830 #0 - SERIES ADDED ENTRY--UNIFORM TITLE
Uniform title Detail practice.
942 ## - ADDED ENTRY ELEMENTS (KOHA)
Source of classification or shelving scheme
Holdings
Withdrawn status Lost status Source of classification or shelving scheme Damaged status Koha normalized classification for sorting Not for loan Permanent location Current location Date acquired Source of acquisition Cost, normal purchase price Total Checkouts Full call number Barcode Date last seen Date last borrowed Cost, replacement price Price effective from Koha item type
        729_290000000000000_MOM   BMS College of Architecture, Design and Planning BMS College of Architecture, Design and Planning 2024-01-17 1 2998.98 2 729.29 MOM AR-UG3607 2026-02-02 2026-02-02 3998.64 2024-01-17 UG Books
Copyright © 2025, The Librarian, Library and Information Centre, BMSCA D&P, Bengaluru. All Rights Reserved
web counter

Powered by Koha